000 00329nam a22001457a 4500
008 230707b ||||| |||| 00| 0 eng d
020 _a9781138100633
041 _aeng
080 _a615.83
082 _a615.83BRA
100 _a16
101 _aEGZ
245 _aUNDERSTANDING SPORT MANAGEMENT
_cBRADBURY.T
942 _2udc
_cBK
999 _c60132
_d60132